00766nam a2200253 4500003000400000005001700004008004100021020001500062040001800077041000800095050002000103100002800123245001900151264006100170300002000231336002200251337002400273338002400297500007700321650004200398650004000440942001500480999001700495OSt20260530113844.0260505b2004 nyua|||| |||| 00| 0 eng d a0060730781 aICIbspacICI aeng14aNC997bC73 2004 aE. Carter, David93052200aCreativity 33  1aNew York, New York :bHarper Design International,c2004 a400 páginas : atexto2rdacontent asin medio2rdamedia avolumen2rdacarrier a"Bright ideas in advertising & design from the USA and around the world" 4aArte comercialzEstados Unidos930523 4aArte comercialvExposiciones930524 2lcccBKn1 c11218d11218